Con trai cũng biết khóc
שמור ב:
| פורמט: | ספר |
|---|---|
| יצא לאור: |
Cà Mau
Cà Mau
1998
|
| נושאים: | |
| תגים: |
הוספת תג
אין תגיות, היה/י הראשונ/ה לתייג את הרשומה!
|
| Thư viện lưu trữ: | Trung tâm Học liệu Lê Vũ Hùng, Trường Đại học Đồng Tháp |
|---|
| LEADER | 00783pam a22003018a 4500 | ||
|---|---|---|---|
| 001 | 00035396 | ||
| 005 | 20171026081025.0 | ||
| 008 | 161206s1998 ||||||Viesd | ||
| 041 | 0 | # | |a Vie |
| 082 | 1 | 4 | |a 895.922 334 |b C429TR |
| 245 | 1 | 0 | |a Con trai cũng biết khóc |
| 260 | # | # | |a Cà Mau |b Cà Mau |c 1998 |
| 300 | # | # | |a 259tr. |b hình vẽ |c 21cm |
| 500 | # | # | |a ĐTTS: Tuyển truyện nữ sinh |
| 653 | # | # | |a Truyện ngắn |
| 653 | # | # | |a Việt Nam |
| 653 | # | # | |a Văn học hiện đại |
| 852 | # | # | |b Kho đọc |j KD.0017417 |
| 852 | # | # | |j KD.0017417 |
| 910 | 0 | # | |d 06/12/2016 |
| 980 | # | # | |a Trung tâm Học liệu Lê Vũ Hùng, Trường Đại học Đồng Tháp |